Squadre dei Capocannonieri di Serie A - Statistics

Statistiche generali
  • Questo quiz è stato fatto 110 volte
  • Il punteggio medio è 15 su 18
Statistiche sulle risposte
Stagioni con un capocannoniere Squadra % Corretto
14 Inter
100%
13 Juventus
100%
11 Lazio
100%
17 Milan
100%
9 Roma
99%
4 Napoli
97%
3 Sampdoria
96%
7 Bologna
93%
5 Fiorentina
91%
6 Torino
90%
2 Atalanta
89%
4 Udinese
85%
3 Cagliari
81%
1 Hellas Verona
81%
1 Bari
55%
1 Livorno
45%
2 Vicenza
40%
1 Piacenza
34%
Nessun quiz corrispondente trovato
Distribuzione punteggi
Percentuale di utenti per punteggio
Percentile per numero di risposta
I tuoi punteggi nel tempo
Non hai fatto questo quiz